Focus (Record no. 75793)
[ view plain ]
| 000 -LEADER | |
|---|---|
| fixed length control field | 00946cab a2200205 4500 |
| 001 - CONTROL NUMBER | |
| control field | L130796 |
| 008 - FIXED-LENGTH DATA ELEMENTS--GENERAL INFORMATION | |
| fixed length control field | 050831n2005 000 0 eng u |
| 035 ## - SYSTEM CONTROL NUMBER | |
| System control number | (Sirsi) u130796 |
| 041 0# - LANGUAGE CODE | |
| Language code of text/sound track or separate title | eng |
| 245 ## - TITLE STATEMENT | |
| Title | Focus |
| Remainder of title | out-of-town retail and factory outlets |
| 260 ## - PUBLICATION, DISTRIBUTION, ETC. | |
| Date of publication, distribution, etc. | 2005 |
| 490 ## - SERIES STATEMENT | |
| Series statement | Estates Gazette |
| Volume/sequential designation | (0534) 27 August 2005, 79-87(7) |
| 520 ## - SUMMARY, ETC. | |
| Summary, etc. | Looks at the way owners of some of the older factory outlets are seeking to refresh their tenant mix and to revitalise their centres. Reports on occupiers of out-of-town retail parks having to rethink the structure of their leases or even the matter of location of units. Examines the options open to high street retailer Dixon in its review of where to locate its stores. |
| 590 ## - LOCAL NOTE (RLIN) | |
| Local note | IKA130905 |
| 690 ## - LOCAL SUBJECT ADDED ENTRY--TOPICAL TERM (OCLC, RLIN) | |
| Topical term or geographic name as entry element | PROPERTY-COMMERCIAL PROPERTY-RETAIL PROPERTY-OUT OF TOWN RETAIL PROPERTY |
| 700 ## - ADDED ENTRY--PERSONAL NAME | |
| Personal name | Attabiye, Maya |
| 700 ## - ADDED ENTRY--PERSONAL NAME | |
| Personal name | Cavanagh, Elaine |
| 700 ## - ADDED ENTRY--PERSONAL NAME | |
| Personal name | Batham, Matthew |
| 942 ## - ADDED ENTRY ELEMENTS (KOHA) | |
| Suppress in OPAC | 0 |
| Withdrawn status | Lost status | Source of classification or shelving scheme | Damaged status | Not for loan | Home library | Current library | Shelving location | Date acquired | Total Checkouts | Full call number | Barcode | Date last seen | Copy number | Price effective from | Koha item type |
|---|---|---|---|---|---|---|---|---|---|---|---|---|---|---|---|
| Dewey Decimal Classification | London | London | Journal article | 31/08/2005 | L130796 | 130796-1001 | 06/08/2019 | 1 | 06/08/2019 | Journal article |